000 00271nam a2200121Ia 4500
008 190216s9999||||xx |||||||||||||| ||und||
100 _aKunjunni
245 0 _aNamboodiri Falidangal
260 _bCurrent Books
300 _a96
650 _aKathakal
942 _cBK
999 _c27949
_d27949